<?xml version="1.0" encoding="UTF-8"?>
<marc:record xmlns:marc="http://www.loc.gov/MARC21/slim">
   <marc:leader>00000nam a2200000 a 4500</marc:leader>
   <marc:datafield ind1="1" ind2=" " tag="100">
      <marc:subfield code="a">Dietl, Erhard</marc:subfield>
      <marc:subfield code="4">aut</marc:subfield>
      <marc:subfield code="e">Verfasser/-in</marc:subfield>
   </marc:datafield>
   <marc:datafield ind1=" " ind2=" " tag="653">
      <marc:subfield code="a">Kinderbuch</marc:subfield>
   </marc:datafield>
   <marc:datafield ind1=" " ind2=" " tag="653">
      <marc:subfield code="a">Erstlesealter, Vorschulalter</marc:subfield>
   </marc:datafield>
   <marc:datafield ind1=" " ind2=" " tag="653">
      <marc:subfield code="a">Kinderbücher bis 11 Jahre</marc:subfield>
   </marc:datafield>
   <marc:datafield ind1="0" ind2="0" tag="245">
      <marc:subfield code="a">Die Olchis fliegen in die Schule</marc:subfield>
   </marc:datafield>
   <marc:datafield ind1="0" ind2="0" tag="245">
      <marc:subfield code="c">Dietl, Erhard</marc:subfield>
   </marc:datafield>
   <marc:datafield ind1=" " ind2="1" tag="264">
      <marc:subfield code="a">Hamburg</marc:subfield>
      <marc:subfield code="b">Verlag Friedrich Oetinger</marc:subfield>
      <marc:subfield code="c">2019</marc:subfield>
   </marc:datafield>
   <marc:datafield ind1="1" ind2=" " tag="490">
      <marc:subfield code="a">Lesestarter. 3. Lesestufe</marc:subfield>
   </marc:datafield>
   <marc:datafield ind1=" " ind2=" " tag="250">
      <marc:subfield code="a">Überarbeitete Neuausgabe</marc:subfield>
   </marc:datafield>
   <marc:datafield ind1="1" ind2=" " tag="520">
      <marc:subfield code="a">In diesem mitreißenden Kinderbuch schwingen sich die Olchi-Kinder auf ihren Reisedrachen und erleben einen unvergesslichen Schultag in der Grundschule von Schmuddelfing. Anstatt nach Australien zu fliegen, wie es Olchi-Opa in seiner Jugend tat, entscheiden sich die Olchis für ein Abenteuer näher zu Hause. Ihre Ankunft sorgt für eine Menge Aufregung und Spaß, sowohl für die Olchi-Kinder als auch für die Menschen-Kinder. Während des Schultages bringen sie ihre einzigartigen und oft unkonventionellen Perspektiven in das Klassenzimmer, was zu lustigen und lehrreichen Momenten führt. Dieses Buch ist perfekt für junge Leser*innen ab 8 Jahren und bietet nicht nur spannende Erzählungen, sondern auch humorvolle Einblicke in das Schulleben durch die Augen der schelmischen Olchis. &#xD;
   &#xD;
   Fesselnde Geschichten: Jede Seite steckt voller Humor und Abenteuer, ideal für Kinder, die Spaß am Lesen entdecken möchten. &#xD;
   Bildungswert: Fördert die Lesekompetenz durch einfache Texte und beliebte Themen, die junge Leser ansprechen. &#xD;
   Charakterstärkende Inhalte: Lehrt Kinder indirekt die Werte von Mut, Neugier und Akzeptanz. &#xD;
   Interaktive Elemente: Enthält Rätsel und Spiele, die das Leseverständnis verbessern und gleichzeitig unterhalten. &#xD;
   Attraktive Illustrationen: Farbenfrohe und ansprechende Bilder ergänzen den Text und machen das Lesen visuell anregend. &#xD;
   Beliebte Buchreihe: Die Olchis sind bekannte und geliebte Figuren unter Kindern, was dieses Buch zu einer sicheren Wahl für junge Leser macht.</marc:subfield>
   </marc:datafield>
   <marc:datafield ind1=" " ind2=" " tag="020">
      <marc:subfield code="a">9783789112652</marc:subfield>
      <marc:subfield code="9">9783789112652</marc:subfield>
   </marc:datafield>
   <marc:datafield ind1=" " ind2=" " tag="041">
      <marc:subfield code="a">ger</marc:subfield>
   </marc:datafield>
   <marc:datafield ind1=" " ind2=" " tag="300">
      <marc:subfield code="b">Illustrationen</marc:subfield>
   </marc:datafield>
   <marc:datafield ind1="1" ind2=" " tag="521">
      <marc:subfield code="a">Leseanfänger</marc:subfield>
   </marc:datafield>
   <marc:datafield ind1=" " ind2=" " tag="300">
      <marc:subfield code="a">50 Seiten</marc:subfield>
   </marc:datafield>
</marc:record>
